000 00701nam a2200265Ia 4500
003 OSt
005 20221006142535.0
006 a|||||r|||| 00| 0
007 ta
008 221006b |||||||| |||| 00| 0 eng d
020 _c
_9.50
024 _a6,555
037 _cTextual
040 _aEASL
_cEASL
_beng
041 _2eng
_aeng
082 _aY:10gW691.41.N6, L0
100 _aCROIZIER Ralph C Ed.
_9647909
245 0 _aChina's cultural legacy and communism
260 _aNew York
_bPraeger Pub.
_c1970
300 _a313p.
_ccm.
490 _v CEL
650 _aCEL
942 _hY:10gW691.41.N6, L0
_cTEXL
_2CC
999 _c1074641
_d1074641